SCP Quiz - Statistics

General Stats
  • This quiz has been taken 571 times
  • The average score is 15 of 115
Answer Stats
SCP Number Name Of SCP % Correct
SCP-096 The "Shy Guy"
75%
SCP-049 The Plague Doctor
69%
SCP-002 The "Living" Room
66%
SCP-106 The Old Man
59%
SCP-173 The Sculpture
50%
SCP-682 Hard-to-Destroy Reptile
42%
SCP-999 The Tickle Monster
39%
SCP-076 "Able"
36%
SCP-008 Zombie Plague
36%
SCP-343 "God"
35%
SCP-005 Skeleton Key
35%
SCP-073 "Cain"
34%
SCP-035 Possessive Mask
33%
SCP-009 Red Ice
31%
SCP-079 Old AI
29%
SCP-1000 Bigfoot
28%
SCP-055 [unknown]
24%
SCP-939 With Many Voices
24%
SCP-012 A Bad Composition
23%
SCP-500 Panacea
23%
SCP-131 The "Eye Pods"
23%
SCP-066 Eric's Toy
21%
SCP-087 The Stairwell
21%
SCP-007 Abdominal Planet
20%
SCP-1048 Builder Bear
19%
SCP-015 Pipe Nightmare
18%
SCP-966 Sleep Killer
18%
SCP-294 The Coffee Machine
18%
SCP-105 "Iris"
17%
SCP-093 Red Sea Object
17%
SCP-017 Shadow Person
17%
SCP-914 The Clockworks
17%
SCP-053 Young Girl
17%
SCP-303 The Doorman
15%
SCP-023 Black Shuck
14%
SCP-169 The Leviathan
13%
SCP-513 A Cowbell
12%
SCP-457 Burning Man
12%
SCP-048 The Cursed SCP Number
12%
SCP-019 The Monster Pot
12%
SCP-990 Dream Man
11%
SCP-217 The Clockwork Virus
11%
SCP-027 The Vermin God
11%
SCP-020 Unseen Mold
11%
SCP-031 What is Love?
11%
SCP-860 Blue Key
10%
SCP-024 Game Show of Death
10%
SCP-058 Heart of Darkness
10%
SCP-054 Water Nymph
10%
SCP-001 Awaiting De-classification [Blocked]
9%
SCP-082 "Fernand" the Cannibal
9%
SCP-101 Hungry Bag
9%
SCP-426 I am a Toaster
9%
SCP-011 Sentient Civil War Memorial Statue
9%
SCP-049-J The Plague Fellow
9%
SCP-354 The Red Pool
9%
SCP-111 Dragon Snails
8%
SCP-205 Shadow Lamps
8%
SCP-151 The Painting
8%
SCP-239 The Witch Child
8%
SCP-178 "3-D" Specs
7%
SCP-1025 Encyclopedia of Diseases
7%
SCP-040 Evolution's Child
7%
SCP-963 Immortality
7%
SCP-1471 MalO ver1.0.0
7%
SCP-330 Take Only Two
7%
SCP-1730 What Happened to Site-13?
7%
SCP-352 "Baba Yaga"
6%
SCP-662 Butler's Hand Bell
6%
SCP-409 Contagious Crystal
6%
SCP-191 Cyborg Child
6%
SCP-109 Infinite Canteen
6%
SCP-529 Josie the Half-Cat
6%
SCP-231 Special Personnel Requirements
6%
SCP-230 The Gayest Man Alive
6%
SCP-113 The Gender-Switcher
6%
SCP-148 The "Telekill" Alloy
6%
SCP-323 Wendigo Skull
6%
SCP-882 A Machine
5%
SCP-993 Bobble the Clown
5%
SCP-895 Camera Disruption
5%
SCP-075 Corrosive Snail
5%
SCP-085 Hand-drawn "Cassy"
5%
SCP-060 Infernal Occult Skeleton
5%
SCP-070 Iron Wings
5%
SCP-179 Sauelsuesor
5%
SCP-701 The Hanged King's Tragedy
5%
SCP-063 "The World's Best TothBrush"
5%
SCP-247 A Harmless Kitten
4%
SCP-1123 Atrocity Skull
4%
SCP-207 Cola Bottles
4%
SCP-718 Eyeball
4%
SCP-181 "Lucky"
4%
SCP-124 Fertile Soil
3%
SCP-548 Ice Spider
3%
SCP-387 Living Lego
3%
SCP-527 Mr. Fish
3%
SCP-074 Quantum Woodlouse
3%
SCP-538 Shadow Spiders
3%
SCP-1057 Absence of Shark
2%
SCP-152 Book of Endings
2%
SCP-843 "Cow Seeds"
2%
SCP-553 Crystalline Butterflies
2%
SCP-485 Death Pen
2%
SCP-689 Haunter in the Dark
2%
SCP-160 Predator Drone
2%
SCP-346 "Pterry" the Pterodactyl
2%
SCP-245 SCP-RPG
2%
SCP-472 The Bloodstone
2%
SCP-847 The Mannequin
2%
SCP-458 The Never-Ending Pizza Box
2%
SCP-997 Vermin Suppressor
2%
SCP-919 Needy Mirror
1%
SCP-1074 Stendhal's Nightmare
1%
SCP-912 Autonomous SWAT Armour
0%
No matching quizzes found
Score Distribution
Percent of People with Each Score
Percentile by Number Answered
Your Score History
You have not taken this quiz